000 00868nam a2200253Ia 4500
003 OSt
005 20220923211054.0
006 a|||||r|||| 00| 0
007 ta
008 220922b |||||||| |||| 00| 0 hin d
020 _a8177143298 (hbk)
_c425
024 _a245,670
037 _b381, 11/02/2011, Swaraj Prakashan
_cTextual
040 _aARTS
_cARTS
_bhin
041 _2hin
_ahin
082 _aP152, K2;Q0
100 _aगुरू, कामताप्रसाद
_9157878
245 0 _aहिंदी व्याकरण
246 _aHiandī vyākaraṇa
260 _aनयी दिल्ली
_b प्रकाशन संस्थान
_c2010
300 _a472पृ.
_ccm.
942 _hP152, K2;Q0
_cTEXL
_2CC
999 _c294820
_d294820